000 00759nam a2200217Ii 4500
003 JO-AjNU
008 230605s9999||||xx |||||||||||||| ||und||
017 _a2005/3/443
040 _aJO-AjNU
_bara
_erda
_cJO-AjNU
041 _aara
050 1 4 _aZ113.3.N342 2005
100 3 _aنهر ، هادي ,
_eauthor
_923594
245 0 0 _aتحقيق المخطوطات والنصوص ودراستها المناهج والقواعد والاجراءات
250 _aط1
264 3 1 _aاربد : دار الامل ،2005
300 _a245ص
336 _atext
_btxt
_2rdacontent
337 _aunmediated
_bn
_2rdamedia
338 _avolume
_bnc
_2rdacarrier
650 4 _aالمخطوطات -تحقيق - الكتب العربيه-تصميم-تاريخ
_923595
999 _aA8558
_c12126
_d12126